[Event "Superbet POL Blitz 2024"]
[Site "Warsaw POL"]
[Date "2024.05.11"]
[Round "9.1"]
[White "Erigaisi, Arjun"]
[Black "Carlsen, Magnus"]
[Result "0-1"]
[WhiteTitle "GM"]
[BlackTitle "GM"]
[WhiteElo "2762"]
[BlackElo "2830"]
[WhiteFideId "35009192"]
[BlackFideId "1503014"]
[EventDate "2024.05.11"]

1. d4 d5 2. Nf3 Nf6 3. Bf4 Bf5 4. e3 e6 5. Bd3 Bg6 6. O-O Bd6 7. Ne5 Nh5 8. Nxg6
hxg6 9. Bxd6 Qxd6 10. c4 c6 11. Nc3 Nd7 12. g3 Nhf6 13. Rb1 dxc4 14. Bxc4 O-O
15. e4 Rfd8 16. Bb3 e5 17. dxe5 Qxe5 18. f4 Qe7 19. Qf3 Nc5 20. e5 Nxb3 21. axb3
Ne8 22. Rbd1 Rxd1 23. Rxd1 Rd8 24. Kf1 Nc7 25. Ne4 Rxd1+ 26. Qxd1 f6 27. Qd6 Kf7
28. Qd4 Nb5 29. Qc4+ Kf8 30. Nc5 fxe5 31. fxe5 Qf7+ 32. Ke2 b6 33. e6 Qf5 34.
Nd3 Ke7 35. Nf4 g5 36. Qb4+ Nd6 37. Nd3 Qxe6+ 38. Kd2 c5 39. Qa4 a5 40. Ne1 Qd5+
41. Kc1 Ne4 42. Nf3 g4 43. Nh4 g5 44. Ng6+ Kf6 45. Qe8 Qe6 46. Qxe6+ Kxe6 47.
Kc2 Nd6 48. Kd3 Kf6 49. Nf8 Ke7 50. Ng6+ Kf6 51. Nf8 Ke7 52. Ng6+ Ke6 53. Nf8+
Kd5 54. Nd7 c4+ 55. bxc4+ Nxc4 56. Kc3 Ne5 57. Nxb6+ Ke4 58. Nc4 Nxc4 59. Kxc4
Kf3 60. Kb5 Kg2 61. Kxa5 Kxh2 62. b4 Kxg3 63. b5 Kh3 64. b6 g3 65. b7 g2 66.
b8=Q g1=Q 67. Qh8+ Kg2 68. Qh5 Qc5+ 69. Ka6 Qc6+ 70. Ka7 Qc7+ 71. Ka8 Qc8+ 72.
Ka7 Qd7+ 73. Ka6 g4 74. Qe5 Qc6+ 75. Ka7 Qc4 76. Qe3 g3 77. Ka8 Qd5+ 78. Ka7
Qd7+ 79. Ka6 Qd6+ 80. Ka5 Kh2 81. Qe4 Qc5+ 82. Ka6 Qg5 83. Qh7+ Kg2 84. Qe4+ Kh3
85. Qh1+ Kg4 86. Qd1+ Kf5 87. Qd5+ Kg6 88. Qg8+ Kh5 89. Qc4 g2 90. Qe2+ Kh6 0-1

[Event "Superbet POL Blitz 2024"]
[Site "Warsaw POL"]
[Date "2024.05.11"]
[Round "9.2"]
[White "Giri, Anish"]
[Black "Gukesh, D"]
[Result "1/2-1/2"]
[WhiteTitle "GM"]
[BlackTitle "GM"]
[WhiteElo "2745"]
[BlackElo "2764"]
[WhiteFideId "24116068"]
[BlackFideId "46616543"]
[EventDate "2024.05.11"]

1. Nf3 d5 2. d4 Nf6 3. c4 e6 4. Nc3 h6 5. cxd5 exd5 6. Bf4 c6 7. e3 Bf5 8. Bd3
Bxd3 9. Qxd3 Bd6 10. Bxd6 Qxd6 11. O-O O-O 12. Rab1 a5 13. a3 Nbd7 14. Qc2 Rfe8
15. Rfc1 Ne4 16. Nxe4 Rxe4 17. b4 axb4 18. axb4 Ree8 19. b5 Rec8 20. bxc6 bxc6
21. h3 c5 22. dxc5 Rxc5 23. Qd2 Nf6 24. Rxc5 Qxc5 25. Rc1 Qd6 26. Qc2 g6 27. Nd4
Ne4 28. Ne2 h5 29. Nf4 Qe5 30. Rd1 Nf6 31. Qd2 Rd8 32. Qd4 Qf5 33. Nd3 Rc8 34.
Qe5 Qxe5 35. Nxe5 Kg7 36. Nd3 Rc7 37. Nf4 Rd7 38. h4 Kf8 39. f3 Ke7 40. Kf2 Rd8
41. Kg3 Rd7 42. Rd2 Rd8 43. Ne2 Rc8 44. Ra2 Kf8 45. Ra6 Kg7 46. Rd6 Ra8 47. Nf4
Ra3 48. Kf2 Ra2+ 49. Kg3 Ra3 50. Nxd5 Nxd5 51. Rxd5 Rxe3 52. Rd4 Re6 53. Rc4 Rb6
54. Rd4 Re6 55. Rc4 Rb6 56. Rd4 Re6 1/2-1/2

[Event "Superbet POL Blitz 2024"]
[Site "Warsaw POL"]
[Date "2024.05.11"]
[Round "9.3"]
[White "Praggnanandhaa, R"]
[Black "Keymer, Vincent"]
[Result "0-1"]
[WhiteTitle "GM"]
[BlackTitle "GM"]
[WhiteElo "2747"]
[BlackElo "2726"]
[WhiteFideId "25059530"]
[BlackFideId "12940690"]
[EventDate "2024.05.11"]

1. e4 e5 2. Nf3 Nc6 3. Bb5 a6 4. Ba4 Nf6 5. O-O Be7 6. Bxc6 dxc6 7. d3 Nd7 8.
Be3 O-O 9. Nbd2 Re8 10. a4 Bf8 11. Kh1 Nc5 12. a5 f6 13. Rg1 Ne6 14. g4 g5 15.
h4 h6 16. Qf1 Re7 17. Nc4 c5 18. Bd2 Nd4 19. Nxd4 cxd4 20. h5 Rf7 21. f3 Be6 22.
b3 b5 23. axb6 cxb6 24. Qb1 a5 25. Na3 Rc7 26. b4 a4 27. Qb2 Qd7 28. Rac1 Rac8
29. Kh2 Rc3 30. Rb1 Rxa3 31. Qxa3 Rxc2 32. Rb2 Rc7 33. Rbb1 Qb5 34. Rgc1 Rxc1
35. Rxc1 Bb3 36. Rc8 Kf7 37. Qc1 Qxd3 38. Qc7+ Be7 39. Be1 Qe2+ 40. Kh3 Qf1+ 41.
Kh2 Qe2+ 42. Kh3 Qxf3+ 43. Bg3 Qh1+ 44. Bh2 Qf1+ 45. Kg3 Bd1 46. Qd7 Qf3# 0-1

[Event "Superbet POL Blitz 2024"]
[Site "Warsaw POL"]
[Date "2024.05.11"]
[Round "9.4"]
[White "Abdusattorov, Nodirbek"]
[Black "Wei, Yi"]
[Result "0-1"]
[WhiteTitle "GM"]
[BlackTitle "GM"]
[WhiteElo "2766"]
[BlackElo "2755"]
[WhiteFideId "14204118"]
[BlackFideId "8603405"]
[EventDate "2024.05.11"]

1. e4 c5 2. Nf3 d6 3. d4 cxd4 4. Qxd4 Nf6 5. Be2 g6 6. O-O Bg7 7. Qe3 O-O 8. h3
Nc6 9. Rd1 Be6 10. Nc3 Qa5 11. Bd2 Qc5 12. a3 Qxe3 13. Bxe3 Rac8 14. Rab1 a6 15.
Bd3 b5 16. Kf1 Nd7 17. Nd5 Nc5 18. b4 Na4 19. Nb6 Nxb6 20. Bxb6 Ne5 21. Nxe5
Bxe5 22. Be3 Ba2 23. f4 Bxb1 24. Rxb1 Bf6 25. Ke2 Rc3 26. Bc1 Rfc8 27. Kd2 R3c6
28. Kd1 h5 29. g3 Kg7 30. Bd2 Bd4 31. Rb3 Bf2 32. g4 hxg4 33. hxg4 Bd4 34. a4 g5
35. fxg5 Rb6 36. Ra3 Rh8 37. c3 Be5 38. axb5 axb5 39. Ra7 Rh3 40. Ke2 Rh2+ 41.
Kd1 e6 42. Ra5 Rc6 43. Ra3 Rc8 44. Bxb5 Rch8 45. c4 Rg2 46. Rd3 Bf4 47. Bc3+ e5
48. c5 Rh1+ 49. Be1 dxc5 50. bxc5 Rgg1 51. c6 Rxe1+ 52. Kc2 Rb1 53. Rd5 Rhc1+
54. Kd3 Rb3+ 55. Ke2 Rb2+ 0-1

[Event "Superbet POL Blitz 2024"]
[Site "Warsaw POL"]
[Date "2024.05.11"]
[Round "9.5"]
[White "Shevchenko, Kirill"]
[Black "Duda, Jan-Krzysztof"]
[Result "0-1"]
[WhiteTitle "GM"]
[BlackTitle "GM"]
[WhiteElo "2677"]
[BlackElo "2734"]
[WhiteFideId "14129574"]
[BlackFideId "1170546"]
[EventDate "2024.05.11"]

1. e4 c5 2. Nf3 d6 3. d4 cxd4 4. Nxd4 Nf6 5. Nc3 a6 6. Bg5 e6 7. f4 Qb6 8. Qd2
Qxb2 9. Rb1 Qa3 10. f5 Be7 11. fxe6 Bxe6 12. Nxe6 fxe6 13. Bc4 Nbd7 14. Bxe6 Nc5
15. Bf5 g6 16. Bh3 Nfxe4 17. Nxe4 Nxe4 18. Qd4 Qc3+ 19. Qxc3 Nxc3 20. Bxe7 Kxe7
21. Rxb7+ Kf6 22. Kd2 Ne4+ 23. Kc1 Rab8 24. Rf1+ Kg5 25. Rbf7 Rbe8 26. Ra7 Ra8
27. Rc7 h5 28. Be6 Rhf8 29. Re1 Nc5 30. Bf7 Rac8 31. Rxc8 Rxc8 32. Re3 h4 33.
Bd5 Rf8 34. Kd2 Rf5 35. Bf3 Rf4 36. Kc3 Kf6 37. g3 Ra4 38. Bd5 g5 39. gxh4 Rxh4
40. h3 Kf5 41. Bc6 Rf4 42. Re8 Rh4 43. Bg2 Ra4 44. Bd5 Rh4 45. Bg2 Kf4 46. Rg8
Rh5 47. Bf1 Ke3 48. Re8+ Kf2 49. Rf8+ Kg1 50. Rf7 a5 51. Kc4 Ne6 52. Kb5 g4+ 53.
Kc6 Nd8+ 0-1

[Event "Superbet POL Blitz 2024"]
[Site "Warsaw POL"]
[Date "2024.05.12"]
[Round "10.1"]
[White "Gukesh, D"]
[Black "Wei, Yi"]
[Result "0-1"]
[WhiteTitle "GM"]
[BlackTitle "GM"]
[WhiteElo "2764"]
[BlackElo "2755"]
[WhiteFideId "46616543"]
[BlackFideId "8603405"]
[EventDate "2024.05.11"]

1. d4 Nf6 2. Bf4 g6 3. e3 Bg7 4. Nf3 O-O 5. h4 d6 6. Nbd2 Nc6 7. c3 Qe8 8. Bc4
e5 9. Bg5 Bg4 10. Be2 Nh5 11. Nh2 Bxe2 12. Qxe2 exd4 13. exd4 f5 14. g4 Qxe2+
15. Kxe2 Rae8+ 16. Kd3 fxg4 17. Nxg4 Nf4+ 18. Kc2 h5 19. Ne3 Ne6 20. Raf1 Nxg5
21. hxg5 Rf4 22. Rhg1 Ne7 23. Kd3 c5 24. dxc5 dxc5 25. Ndc4 b5 26. Na3 a6 27.
Ke2 Ra4 28. Ra1 Nd5 29. Nc2 Nf4+ 30. Kf1 Nd3 31. b3 Rf4 32. Rg2 Ref8 33. Ke2
Nxf2 34. Nd5 Re4+ 35. Nce3 Ng4 36. Kd3 Re5 37. Rg3 Rd8 38. Rf1 Nxe3 0-1

[Event "Superbet POL Blitz 2024"]
[Site "Warsaw POL"]
[Date "2024.05.12"]
[Round "10.2"]
[White "Abdusattorov, Nodirbek"]
[Black "Keymer, Vincent"]
[Result "1-0"]
[WhiteTitle "GM"]
[BlackTitle "GM"]
[WhiteElo "2766"]
[BlackElo "2726"]
[WhiteFideId "14204118"]
[BlackFideId "12940690"]
[EventDate "2024.05.11"]

1. d4 Nf6 2. c4 e6 3. Bf4 Bb4+ 4. Nd2 c5 5. dxc5 O-O 6. Nf3 Bxc5 7. e3 b6 8. Be2
Bb7 9. O-O Be7 10. h3 Nc6 11. a3 Rc8 12. Rc1 h6 13. Bh2 d5 14. cxd5 Qxd5 15. Qa4
Qa5 16. Qxa5 Nxa5 17. Nd4 Nc6 18. Nxc6 Rxc6 19. Rxc6 Bxc6 20. Rc1 Rd8 21. Nf1
Bb7 22. f3 Rc8 23. Rxc8+ Bxc8 24. Bb8 a5 25. Kf2 Nd7 26. Bc7 Bf6 27. b3 Bb2 28.
a4 Be5 29. Bd8 Bf6 30. Bxf6 Nxf6 31. Nd2 Nd7 32. Bb5 Nc5 33. Nc4 Nxb3 34. Nd6 1-0

[Event "Superbet POL Blitz 2024"]
[Site "Warsaw POL"]
[Date "2024.05.12"]
[Round "10.3"]
[White "Praggnanandhaa, R"]
[Black "Duda, Jan-Krzysztof"]
[Result "1/2-1/2"]
[WhiteTitle "GM"]
[BlackTitle "GM"]
[WhiteElo "2747"]
[BlackElo "2734"]
[WhiteFideId "25059530"]
[BlackFideId "1170546"]
[EventDate "2024.05.11"]

1. e4 c5 2. Nf3 d6 3. Nc3 Nf6 4. d4 cxd4 5. Qxd4 a6 6. Nd5 Nbd7 7. Bg5 e6 8.
Nxf6+ Nxf6 9. O-O-O Be7 10. e5 dxe5 11. Qxe5 Bd7 12. Bc4 h6 13. Bh4 b5 14. Bb3
a5 15. a4 Qb6 16. Qd4 Qxd4 17. Rxd4 Bc5 18. axb5 Bxd4 19. Nxd4 O-O 20. Bxf6 a4
21. Bxg7 Kxg7 22. Bc4 Rfc8 23. Be2 a3 24. bxa3 e5 25. Nb3 Bf5 26. c4 Rxa3 27.
Kb2 Rca8 28. Kc3 Ra2 29. Re1 R8a3 30. Bd1 Kf6 31. Re2 Rxe2 32. Bxe2 Ra2 33. Bd3
e4 34. Bb1 Rxf2 35. b6 Rxg2 36. b7 Rg8 37. c5 Ke5 38. Na5 Kd5 39. Kb4 e3 40.
Ba2+ Ke4 41. Bc4 Ke5 42. Nc6+ Kf4 43. Ne7 Rb8 44. c6 Be4 45. Kc5 Rxb7 46. cxb7
Bxb7 47. Kd4 Kf3 48. Bxf7 e2 49. Bh5+ Kf2 50. Bxe2 Kxe2 51. Ke5 Kf3 52. h4 Kg4
53. Nf5 h5 54. Kf6 Bc8 55. Ng7 Kxh4 56. Nxh5 Kxh5 1/2-1/2

[Event "Superbet POL Blitz 2024"]
[Site "Warsaw POL"]
[Date "2024.05.12"]
[Round "10.4"]
[White "Shevchenko, Kirill"]
[Black "Carlsen, Magnus"]
[Result "0-1"]
[WhiteTitle "GM"]
[BlackTitle "GM"]
[WhiteElo "2677"]
[BlackElo "2830"]
[WhiteFideId "14129574"]
[BlackFideId "1503014"]
[EventDate "2024.05.11"]

1. d4 g6 2. e4 d6 3. Nc3 c6 4. Nf3 Nf6 5. Be3 Nbd7 6. Qd2 b5 7. a3 Bg7 8. Bh6
Bxh6 9. Qxh6 e5 10. O-O-O Qe7 11. dxe5 dxe5 12. Bxb5 cxb5 13. Nxb5 Qc5 14. Nd6+
Ke7 15. Ng5 Rf8 16. f4 Rb8 17. Qh4 Qe3+ 18. Kb1 Qxf4 19. Qh6 Ng4 20. Nf5+ Qxf5
21. Qxf8+ Nxf8 22. exf5 Nf2 23. fxg6 hxg6 0-1

[Event "Superbet POL Blitz 2024"]
[Site "Warsaw POL"]
[Date "2024.05.12"]
[Round "10.5"]
[White "Erigaisi, Arjun"]
[Black "Giri, Anish"]
[Result "1-0"]
[WhiteTitle "GM"]
[BlackTitle "GM"]
[WhiteElo "2762"]
[BlackElo "2745"]
[WhiteFideId "35009192"]
[BlackFideId "24116068"]
[EventDate "2024.05.11"]

1. d4 Nf6 2. c4 e6 3. Nf3 d5 4. Nc3 Bb4 5. Qa4+ Nc6 6. Bd2 dxc4 7. e3 Bd7 8. Qc2
Na5 9. Ne5 O-O 10. a3 Be7 11. Rd1 c5 12. dxc5 Bxc5 13. Nxd7 Qxd7 14. Na4 Nb3 15.
Qxc4 Qd5 16. Bc3 Qxc4 17. Bxc4 b5 18. Bxb5 Be7 19. Bc4 Nc5 20. Nxc5 Bxc5 21. Ke2
Rac8 22. Ba2 Ne4 23. Be5 Bb6 24. f3 Nc5 25. Rd2 Rfe8 26. Rc1 h5 27. Rdc2 Red8
28. b4 1-0

[Event "Superbet POL Blitz 2024"]
[Site "Warsaw POL"]
[Date "2024.05.12"]
[Round "11.1"]
[White "Erigaisi, Arjun"]
[Black "Gukesh, D"]
[Result "0-1"]
[WhiteTitle "GM"]
[BlackTitle "GM"]
[WhiteElo "2762"]
[BlackElo "2764"]
[WhiteFideId "35009192"]
[BlackFideId "46616543"]
[EventDate "2024.05.11"]

1. c4 e5 2. Nc3 Bb4 3. Nd5 a5 4. Nf3 d6 5. g3 c6 6. Nxb4 axb4 7. d4 e4 8. Nd2
Nf6 9. Bg2 d5 10. b3 O-O 11. e3 Bf5 12. Bb2 Re8 13. O-O Nbd7 14. a3 bxa3 15.
Bxa3 Nf8 16. b4 Qd7 17. Qb3 Bh3 18. b5 Ng6 19. Rfc1 Bxg2 20. Kxg2 Qg4 21. Kh1
Qe2 22. Ra2 Ng4 23. Nf1 Nxf2+ 24. Kg1 Nh3+ 25. Kh1 Qf3+ 26. Rg2 dxc4 27. Qc3
cxb5 28. Nd2 Qg4 29. Bb2 Ng5 30. Rf1 f6 31. Qb4 Qd7 32. Bc3 Ne7 33. Qb2 Nd5 34.
Re2 Ra2 35. Qc1 Nf3 36. Rff2 Nxd2 37. Bxd2 c3 38. Bxc3 Rxe2 39. Rxe2 Rc8 40. Rc2
Qc6 41. Qa1 b4 0-1

[Event "Superbet POL Blitz 2024"]
[Site "Warsaw POL"]
[Date "2024.05.12"]
[Round "11.2"]
[White "Giri, Anish"]
[Black "Shevchenko, Kirill"]
[Result "1/2-1/2"]
[WhiteTitle "GM"]
[BlackTitle "GM"]
[WhiteElo "2745"]
[BlackElo "2677"]
[WhiteFideId "24116068"]
[BlackFideId "14129574"]
[EventDate "2024.05.11"]

1. Nf3 Nf6 2. c4 g6 3. g3 Bg7 4. Bg2 O-O 5. O-O d6 6. Nc3 e5 7. d3 Nc6 8. Rb1 a5
9. a3 Re8 10. Bg5 h6 11. Bxf6 Bxf6 12. Nd2 Bg7 13. e3 Ne7 14. b4 axb4 15. axb4
c6 16. b5 d5 17. bxc6 bxc6 18. cxd5 cxd5 19. Nb3 Rb8 20. Qc2 h5 21. h4 Qd6 22.
Na4 Bf5 23. Nbc5 Rec8 24. Rxb8 Qxb8 25. Qa2 Qd6 26. e4 dxe4 27. Nxe4 Qxd3 28.
Nac5 Qd4 29. Qa3 Nd5 30. Nb3 Qb4 31. Qxb4 Nxb4 32. Nd6 Rc3 33. Nxf5 Rxb3 34.
Ne7+ Kf8 35. Nd5 f5 36. Nxb4 Rxb4 37. Rc1 e4 38. Rc2 Bd4 39. Bf1 Rb3 40. Kg2 Rf3
41. Bc4 Ke7 42. Rd2 Bc5 43. Rc2 Kf6 44. Ba2 Bd4 45. Rd2 Ke5 46. Bf7 Bc3 47. Ra2
Kf6 48. Be8 Bd4 49. Rd2 Be5 50. Ra2 Rd3 51. Ra6+ Bd6 52. Ra2 e3 53. f4 Bb4 54.
Bb5 Rd5 55. Be2 Be1 56. Kf3 Rd2 57. Ra1 Bf2 58. Ra6+ Kg7 59. Ra7+ Kf8 60. Ra6
Bxg3 61. Rxg6 Bxh4 62. Rh6 Bf2 63. Rxh5 Rd5 64. Bc4 Rc5 65. Bd3 Ke7 66. Rxf5 1/2-1/2

[Event "Superbet POL Blitz 2024"]
[Site "Warsaw POL"]
[Date "2024.05.12"]
[Round "11.4"]
[White "Keymer, Vincent"]
[Black "Wei, Yi"]
[Result "1/2-1/2"]
[WhiteTitle "GM"]
[BlackTitle "GM"]
[WhiteElo "2726"]
[BlackElo "2755"]
[WhiteFideId "12940690"]
[BlackFideId "8603405"]
[EventDate "2024.05.11"]

1. Nf3 d5 2. e3 Nf6 3. c4 e6 4. Nc3 Bd6 5. b3 O-O 6. Bb2 Re8 7. Nb5 Be7 8. Be5
Na6 9. Be2 Ne4 10. O-O c6 11. Nc3 f6 12. Bg3 Nxc3 13. dxc3 e5 14. Qc2 Be6 15.
Rad1 Qb6 16. Nd2 Rad8 17. Bd3 e4 18. Be2 f5 19. b4 Rd7 20. Nb3 dxc4 21. Nd4 Bd5
22. Nxf5 Bf6 23. Nd6 Rxd6 24. Bxd6 Nc7 25. Bc5 Qa6 26. Bd4 Bxd4 27. Rxd4 Nb5 28.
Rd2 Qa3 29. Rc1 a5 30. bxa5 Ra8 31. Bg4 Kh8 32. h3 Qxa5 33. Bf5 Nd6 34. Be6 Bxe6
35. Rxd6 Bd5 36. Rd1 h6 37. Qb2 Qc7 38. R6xd5 cxd5 39. Rxd5 Rf8 40. Qb4 Qf7 41.
Rd2 Kh7 42. a4 Ra8 43. Qb5 Rc8 44. Qe5 Re8 45. Qd5 Qc7 46. Qf5+ Kh8 47. Rd7 Qc6
48. Qb5 Qf6 49. Rxb7 Rf8 50. Qb2 Qd6 51. Qe2 Rf5 52. Rb1 Qd3 53. Qe1 Rd5 54. Ra1
Ra5 55. Rd1 Qc2 56. Ra1 Rxa4 57. Rxa4 Qxa4 58. Qd2 Kh7 59. Qd4 Qc6 60. Qe5 Qb7
61. g4 Qc6 62. Kg2 g5 63. Kg3 Kg8 64. h4 Qg6 65. hxg5 hxg5 66. Qd5+ Kh7 67. Qxc4
Qd6+ 68. Kg2 Qe5 69. Qf7+ Kh8 70. c4 Qh2+ 71. Kf1 Qg1+ 72. Ke2 Qe1+ 1/2-1/2

[Event "Superbet POL Blitz 2024"]
[Site "Warsaw POL"]
[Date "2024.05.12"]
[Round "11.5"]
[White "Duda, Jan-Krzysztof"]
[Black "Abdusattorov, Nodirbek"]
[Result "0-1"]
[WhiteTitle "GM"]
[BlackTitle "GM"]
[WhiteElo "2734"]
[BlackElo "2766"]
[WhiteFideId "1170546"]
[BlackFideId "14204118"]
[EventDate "2024.05.11"]

1. d4 d5 2. c4 c6 3. Nf3 Nf6 4. Nc3 a6 5. e3 b5 6. b3 Bg4 7. h3 Bxf3 8. Qxf3 e6
9. Bd3 Bb4 10. Bd2 Nbd7 11. O-O O-O 12. a3 Ba5 13. Rfd1 bxc4 14. bxc4 Nb6 15.
Qe2 dxc4 16. Bxc4 Bxc3 17. Bxc3 Nxc4 18. Qxc4 Qd5 19. Qe2 Rfb8 20. f3 Rb3 21. e4
Qg5 22. Bd2 Qb5 23. Qxb5 cxb5 24. Ba5 Ra7 25. Ra2 Rd7 26. Kf2 g5 27. g4 h5 28.
Ke2 Kg7 29. Rd3 Rb1 30. Rc2 Rh1 31. Rc5 Nh7 32. d5 Rh2+ 33. Kf1 Rxh3 34. gxh5
exd5 35. exd5 g4 36. Bc3+ f6 37. d6 Nf8 38. Rf5 Nh7 39. Kg2 Kf7 40. Rd1 Ke6 41.
Rf4 Rxf3 42. Rxf3 gxf3+ 43. Kxf3 Rxd6 44. Rxd6+ Kxd6 45. Kf4 Ke6 46. h6 Ng5 47.
Bd2 Nh7 48. Bc3 f5 49. Bd4 a5 50. Bc3 a4 51. Bd4 Kd5 52. Bg7 Ke6 53. Bc3 Nf6 54.
Kg5 Nh7+ 55. Kg6 f4 56. Bd2 f3 57. Be1 b4 58. axb4 a3 0-1

[Event "Superbet POL Blitz 2024"]
[Site "Warsaw POL"]
[Date "2024.05.12"]
[Round "12.1"]
[White "Wei, Yi"]
[Black "Duda, Jan-Krzysztof"]
[Result "0-1"]
[WhiteTitle "GM"]
[BlackTitle "GM"]
[WhiteElo "2755"]
[BlackElo "2734"]
[WhiteFideId "8603405"]
[BlackFideId "1170546"]
[EventDate "2024.05.11"]

1. Nf3 d5 2. e3 Nf6 3. c4 e6 4. b3 Be7 5. Bb2 O-O 6. Nc3 c5 7. cxd5 exd5 8. Rc1
Nc6 9. Na4 b6 10. d4 Ne4 11. Bb5 Bb7 12. O-O Rc8 13. Qe2 Qd6 14. dxc5 bxc5 15.
Rfd1 Qg6 16. Bxc6 Qxc6 17. Ne5 Qe6 18. f3 Nf6 19. Qb5 Ba6 20. Qa5 Bd8 21. Qe1
Bb6 22. Qg3 Rfe8 23. Nxb6 axb6 24. Kh1 Kh8 25. h4 h6 26. Qf4 Kg8 27. g4 Nd7 28.
Nxd7 Qxd7 29. Kg2 Rc6 30. g5 Bc8 31. Kf2 h5 32. b4 d4 33. bxc5 bxc5 34. exd4
Rce6 35. Re1 Qb5 36. Rxe6 Qxb2+ 37. Kg3 Bxe6 38. dxc5 Qxa2 39. c6 Rc8 40. Rd1
Qa5 41. Qd6 Qf5 42. c7 Qh3+ 43. Kf2 Qxh4+ 44. Ke2 Qc4+ 0-1

[Event "Superbet POL Blitz 2024"]
[Site "Warsaw POL"]
[Date "2024.05.12"]
[Round "12.2"]
[White "Abdusattorov, Nodirbek"]
[Black "Carlsen, Magnus"]
[Result "0-1"]
[WhiteTitle "GM"]
[BlackTitle "GM"]
[WhiteElo "2766"]
[BlackElo "2830"]
[WhiteFideId "14204118"]
[BlackFideId "1503014"]
[EventDate "2024.05.11"]

1. c4 g6 2. e4 Bg7 3. Nf3 e5 4. g3 c5 5. Bg2 Nc6 6. Nc3 Nge7 7. h4 d6 8. h5 Bg4
9. h6 Bf6 10. d3 Qd7 11. Be3 Nd4 12. Bxd4 cxd4 13. Ne2 Nc6 14. Nh2 Be6 15. Qd2
Qe7 16. f4 exf4 17. gxf4 Bh4+ 18. Kd1 a5 19. Nf3 Bf2 20. Bh3 Be3 21. Qe1 O-O 22.
Qh4 Qxh4 23. Nxh4 Nb4 24. f5 Bc8 25. Nc1 Bxh6 26. a3 Nc6 27. Ne2 Bg5 28. Nf3 Be3
29. Kc2 a4 30. Rh2 Ra5 31. Rah1 h5 32. Rg2 Kg7 33. Ng3 Kf6 34. Rf1 Ke7 35. Rh1
b5 36. fxg6 fxg6 37. Bxc8 Rxc8 38. Ne2 Rf8 39. Nh4 Ne5 40. c5 Rf6 41. cxd6+ Kxd6
42. Kb1 Ra8 43. Ka2 0-1

[Event "Superbet POL Blitz 2024"]
[Site "Warsaw POL"]
[Date "2024.05.12"]
[Round "12.3"]
[White "Gukesh, D"]
[Black "Keymer, Vincent"]
[Result "0-1"]
[WhiteTitle "GM"]
[BlackTitle "GM"]
[WhiteElo "2764"]
[BlackElo "2726"]
[WhiteFideId "46616543"]
[BlackFideId "12940690"]
[EventDate "2024.05.11"]

1. d4 Nf6 2. c4 e6 3. Nf3 d5 4. Nc3 c5 5. cxd5 cxd4 6. Qxd4 exd5 7. Bg5 Be7 8.
e3 O-O 9. Bb5 a6 10. Ba4 Nc6 11. Qd3 h6 12. Bh4 Bg4 13. Bxc6 bxc6 14. Ne5 Qc8
15. O-O Qe6 16. Nxg4 Nxg4 17. Bxe7 Qxe7 18. h3 Ne5 19. Qd2 Rab8 20. b3 Rfe8 21.
Rac1 Qh4 22. Ne2 Rbc8 23. Nf4 Rcd8 24. Rfd1 Rd6 25. Qd4 Qg5 26. Kh1 Rf6 27. Rd2
Ng6 28. g3 Qf5 29. Kg2 Ne5 30. g4 Qg5 31. Nh5 Rf3 32. Ng3 Re6 33. Rh1 h5 34.
gxh5 Ref6 35. h4 Rxg3+ 36. fxg3 Qf5 37. Qf4 Qe6 38. Qb4 Qf5 39. Qf4 Qe6 40. Qd4
Nf3 41. Qd3 Nxd2 42. Qxd2 Qe4+ 43. Kh2 Rf3 44. Re1 Qf5 45. Re2 Qxh5 46. Rg2 Qe5
47. Qa5 Rxe3 48. Qxa6 d4 49. Qxc6 d3 50. Qc8+ Kh7 51. Qd7 Qe4 52. Kh3 Re2 53.
Rg1 d2 54. a4 Re1 55. Rg2 Rh1+ 56. Rh2 d1=Q 0-1

[Event "Superbet POL Blitz 2024"]
[Site "Warsaw POL"]
[Date "2024.05.12"]
[Round "12.4"]
[White "Praggnanandhaa, R"]
[Black "Giri, Anish"]
[Result "1-0"]
[WhiteTitle "GM"]
[BlackTitle "GM"]
[WhiteElo "2747"]
[BlackElo "2745"]
[WhiteFideId "25059530"]
[BlackFideId "24116068"]
[EventDate "2024.05.11"]

1. e4 e5 2. Nf3 Nc6 3. Bb5 Nf6 4. d3 Bc5 5. Bxc6 dxc6 6. Be3 Bxe3 7. fxe3 Qe7 8.
O-O O-O 9. Qe1 Ne8 10. Nc3 Nd6 11. b3 f6 12. h3 Be6 13. Rd1 c5 14. Nh4 g6 15.
Qg3 Qg7 16. Nf3 b5 17. a3 Rac8 18. d4 exd4 19. exd4 cxd4 20. Nxd4 Bd7 21. Qd3 a6
22. Nd5 Kh8 23. c4 bxc4 24. bxc4 f5 25. exf5 Nxf5 26. Nxf5 Bxf5 27. Qg3 c6 28.
Ne3 Be4 29. Rf4 Rce8 30. Rdf1 Rxf4 31. Qxf4 Qe5 32. Qf7 Qe7 33. Qf2 Bd3 34. Re1
Bxc4 35. Qb2+ Qg7 36. Qxg7+ Kxg7 37. Nf5+ Kf6 38. Rxe8 Kxf5 39. Kf2 h5 40. Ke3
h4 41. Re4 Bd5 42. Rf4+ Kg5 43. Rg4+ Kf5 44. Kf2 g5 45. Ra4 Ke5 46. Rxa6 c5 47.
a4 c4 48. Ke3 Bxg2 49. Rg6 Kf5 50. Rh6 Bxh3 51. a5 Bg2 52. a6 h3 53. a7 Kg4 54.
Kf2 c3 55. Rh8 c2 56. Rc8 Bb7 57. Rc4+ Kf5 58. Kg3 Be4 59. Rxc2 1-0

[Event "Superbet POL Blitz 2024"]
[Site "Warsaw POL"]
[Date "2024.05.12"]
[Round "12.5"]
[White "Shevchenko, Kirill"]
[Black "Erigaisi, Arjun"]
[Result "1-0"]
[WhiteTitle "GM"]
[BlackTitle "GM"]
[WhiteElo "2677"]
[BlackElo "2762"]
[WhiteFideId "14129574"]
[BlackFideId "35009192"]
[EventDate "2024.05.11"]

1. d4 d5 2. c4 e6 3. Nf3 Nf6 4. Nc3 c6 5. g4 Nxg4 6. e4 Nf6 7. e5 Ne4 8. Bd3
Nxc3 9. bxc3 dxc4 10. Bxc4 b5 11. Bd3 Bb7 12. Rg1 b4 13. Ng5 g6 14. Qf3 Qc7 15.
Qf6 Rg8 16. Nxe6 Qe7 17. Qxe7+ Bxe7 18. Nc7+ Kd7 19. Nxa8 Bxa8 20. cxb4 Bxb4+
21. Bd2 Be7 22. Bc4 Rf8 23. Rb1 f6 24. e6+ Kc7 25. Ba5+ Kc8 26. Rg3 Bd6 27.
Rxb8+ Bxb8 28. Rb3 Bc7 29. Ba6+ Kd8 30. Rb8+ Ke7 31. Bb4+ Kxe6 32. Rxf8 c5 33.
Bc4+ 1-0

[Event "Superbet POL Blitz 2024"]
[Site "Warsaw POL"]
[Date "2024.05.12"]
[Round "13.1"]
[White "Erigaisi, Arjun"]
[Black "Praggnanandhaa, R"]
[Result "1-0"]
[WhiteTitle "GM"]
[BlackTitle "GM"]
[WhiteElo "2762"]
[BlackElo "2747"]
[WhiteFideId "35009192"]
[BlackFideId "25059530"]
[EventDate "2024.05.11"]

1. Nf3 Nf6 2. c4 Nc6 3. d4 e6 4. Bf4 Bb4+ 5. Nbd2 d6 6. a3 Bxd2+ 7. Qxd2 Qe7 8.
d5 exd5 9. cxd5 Ne5 10. Nxe5 dxe5 11. Bg5 h6 12. Bxf6 Qxf6 13. Rc1 c6 14. dxc6
bxc6 15. g3 Rb8 16. Bg2 Rb6 17. O-O O-O 18. b4 Rd8 19. Qe3 Bf5 20. Rc5 e4 21.
Bxe4 Bxe4 22. Qxe4 Ra6 23. Qe3 Qb2 24. Rc3 c5 25. bxc5 Re6 26. Qf3 Rxe2 27. c6
Rc2 28. c7 Rc8 29. Rd1 Rxc7 30. Rd8+ Kh7 31. Qf5+ g6 32. Qf6 Qa1+ 33. Kg2 Rxf2+
34. Kxf2 Qb2+ 35. Kg1 Qa1+ 36. Kg2 1-0

[Event "Superbet POL Blitz 2024"]
[Site "Warsaw POL"]
[Date "2024.05.12"]
[Round "13.2"]
[White "Shevchenko, Kirill"]
[Black "Gukesh, D"]
[Result "0-1"]
[WhiteTitle "GM"]
[BlackTitle "GM"]
[WhiteElo "2677"]
[BlackElo "2764"]
[WhiteFideId "14129574"]
[BlackFideId "46616543"]
[EventDate "2024.05.11"]

1. d4 Nf6 2. c4 e6 3. Nf3 d5 4. Nc3 Bb4 5. Bg5 h6 6. Bxf6 Qxf6 7. e3 O-O 8. Rc1
c6 9. Qb3 Bd6 10. Bd3 Nd7 11. O-O Qe7 12. Rfe1 dxc4 13. Bxc4 Nf6 14. h3 e5 15.
dxe5 Bxe5 16. Nxe5 Qxe5 17. Rcd1 b5 18. Bd3 Be6 19. Qc2 Rac8 20. Ne2 Rfd8 21.
Nd4 Bd7 22. a3 c5 23. Nf3 Qe7 24. e4 c4 25. Bf1 Bc6 26. Rxd8+ Rxd8 27. a4 a6 28.
axb5 axb5 29. b3 Bxe4 30. Qc3 Qc5 31. bxc4 b4 32. Qb3 Ra8 33. Nd2 Bf5 34. Qg3
Bg6 35. Nb3 Qc6 36. c5 Ra3 37. Bc4 Kh7 38. Qd6 Qa4 39. c6 Rxb3 40. c7 Bf5 41.
Qc5 Bc8 42. Bxb3 Qxb3 43. Rc1 Qb2 44. Rc2 Qb1+ 45. Kh2 b3 46. Rd2 Ne4 47. Qc3 0-1